Loading...
| Philosophy | 5 | 3 | 0 | 2 | 105 | 13 | 74.50 | 5 | 6 |
| Literature - European Literature | 1 | 4 | 0 | 1 | 55 | 64 | 98.80 | 0 | 4 |
| Literature - World Literature | 2 | 2 | 0 | 0 | 50 | 39 | 69.25 | 1 | 3 |
| Fine Arts - Visual Fine Arts | 2 | 2 | 1 | 1 | 45 | 31 | 82.75 | 1 | 4 |
| Literature - American Literature | 2 | 1 | 0 | 0 | 40 | 54 | 68.33 | 1 | 2 |
| Social Science | 1 | 2 | 0 | 0 | 35 | 46 | 75.00 | 2 | 3 |
| Fine Arts - Other Fine Arts | 1 | 1 | 0 | 0 | 25 | 51 | 68.00 | 1 | 1 |
| Literature - British Literature | 0 | 2 | 0 | 0 | 20 | 113 | 115.00 | 0 | 2 |
| History - European History | 1 | 2 | 3 | 0 | 20 | 48 | 79.33 | 1 | 3 |
| Mythology | 0 | 2 | 0 | 0 | 20 | 107 | 108.50 | 0 | 1 |
| Science - Biology | 0 | 2 | 0 | 0 | 20 | 93 | 96.00 | 0 | 1 |
| History - Other History | 0 | 2 | 1 | 0 | 15 | 96 | 101.00 | 0 | 0 |
| History - American History | 0 | 3 | 4 | 1 | 10 | 75 | 97.00 | 1 | 1 |
| Religion | 0 | 2 | 2 | 0 | 10 | 95 | 105.00 | 1 | 2 |
| Fine Arts - Auditory Fine Arts | 0 | 1 | 0 | 0 | 10 | 75 | 75.00 | 0 | 1 |
| Current Events | 0 | 1 | 0 | 1 | 10 | 114 | 114.00 | 0 | 1 |
| Science - Chemistry | 0 | 1 | 1 | 0 | 5 | 85 | 85.00 | 0 | 0 |
| History - World History | 0 | 1 | 1 | 1 | 5 | 129 | 129.00 | 0 | 1 |